000 00436nam a2200169Ia 4500
003 GCL
008 140319s9999 xx 000 0 eng d
040 _aGCL /
_cGCL
082 0 4 _a526.92
_bI S
100 1 _aIRVING, WILLIAM L.
245 1 0 _aSURVEGING FOR CONSTRUCTION /
_cIRVING, WILLIAM L.
260 _a[S.N] :
_bMC GRAW - HILL ،
_c1995
300 _a414 P
650 0 4 _aSURVERYING
650 0 4 _aBUILDING SITES
942 _2ddc
_cBK
999 _c23670
_d23670